[Event "MNT-chT"]
[Site "Herceg Novi"]
[Date "2025.05.05"]
[Round "6.10"]
[White "Ljeskovic, Luka"]
[Black "Mijovic, Stefan"]
[Result "0-1"]
[WhiteElo "1949"]
[BlackElo "2379"]
[PlyCount "44"]
[EventDate "2025.05.01"]
[EventType "team-tourn"]
[EventRounds "9"]
[EventCountry "MNE"]
[SourceTitle "CB20_2025"]
[SourceDate "2025.05.14"]
[SourceVersion "1"]
[SourceVersionDate "2025.05.14"]
[SourceQuality "1"]
[WhiteTeam "Dama"]
[BlackTeam "Elektroprivreda"]
[WhiteTeamCountry "MNE"]
[BlackTeamCountry "MNE"]

1. e4 c5 2. Nf3 e6 3. d4 cxd4 4. Nxd4 Nc6 5. Nc3 d6 6. Be3 Nf6 7. g4 Nxd4 8. Bxd4 e5 9. Bb5+ Bd7 10. Be3 Bxb5 11. Nxb5 Qa5+ 12. Nc3 Nxe4 13. Qd3 Nxc3 14. bxc3 Be7 15. Rb1 b6 16. f4 Rc8 17. Rb5 Qxc3+ 18. Qxc3 Rxc3 19. Kd2 Ra3 20. fxe5 0-0 21. exd6 Bxd6 22. Bd4 Bf4+ 0-1

[Event "MNT-chT"]
[Site "Herceg Novi"]
[Date "2025.05.03"]
[Round "3.30"]
[White "Ljeskovic, Luka"]
[Black "Sijaric, Alvir"]
[Result "1/2-1/2"]
[WhiteElo "1949"]
[BlackElo "1971"]
[PlyCount "53"]
[EventDate "2025.05.01"]
[EventType "team-tourn"]
[EventRounds "9"]
[EventCountry "MNE"]
[SourceTitle "CB20_2025"]
[SourceDate "2025.05.14"]
[SourceVersion "1"]
[SourceVersionDate "2025.05.14"]
[SourceQuality "1"]
[WhiteTeam "Dama"]
[BlackTeam "Prosvjeta"]
[WhiteTeamCountry "MNE"]
[BlackTeamCountry "MNE"]

1. e4 c6 2. d4 d5 3. Nc3 dxe4 4. Nxe4 Nd7 5. Ng5 Ngf6 6. Bd3 e6 7. Qe2 Bd6 8. N1f3 h6 9. Ne4 Nxe4 10. Qxe4 Nf6 11. Qe2 c5 12. Bd2 b6 13. 0-0-0 Qc7 14. dxc5 bxc5 15. Bb5+ Ke7 16. g4 Bb7 17. Rhg1 Rab8 18. Bc4 Ne4 19. Be3 Qb6 20. Rd3 Bc6 21. Rb3 Qc7 22. h4 Bf4 23. Nd2 a5 24. Nxe4 Bxe4 25. Bxf4 Qxf4+ 26. Qe3 Qxe3+ 27. Rxe3 1/2-1/2

[Event "MNT CupT"]
[Site "Cetinje"]
[Date "2023.07.12"]
[Round "5.3"]
[White "Ljeskovic, Luka"]
[Black "Djurovic, Peko"]
[Result "0-1"]
[WhiteElo "1827"]
[BlackElo "2302"]
[PlyCount "90"]
[EventDate "2023.07.09"]
[EventType "team-swiss"]
[EventRounds "5"]
[EventCountry "MNE"]
[SourceTitle "CBM 215 Extra"]
[Source "ChessBase"]
[SourceDate "2023.09.30"]
[SourceVersion "1"]
[SourceVersionDate "2023.09.30"]
[SourceQuality "1"]
[WhiteTeam "Dama"]
[BlackTeam "Crnogorac II"]
[WhiteTeamCountry "MNE"]
[BlackTeamCountry "MNE"]

1. e4 c5 2. b3 Nc6 3. Bb2 d6 4. f4 e6 5. Nf3 Nf6 6. Nc3 Be7 7. Bd3 d5 8. e5 Nd7 9. 0-0 0-0 10. a3 f6 11. Qe1 c4 12. bxc4 Qb6+ 13. Kh1 dxc4 14. Bxc4 Na5 15. Na4 Qc6 16. Bb3 Nxb3 17. cxb3 b5 18. Nc3 Nc5 19. Nd4 Qd7 20. Qe3 Rd8 21. Nce2 f5 22. Rac1 Bb7 23. b4 Qd5 24. Rg1 Na4 25. Rc7 Bf8 26. Ba1 Rac8 27. Rxc8 Rxc8 28. Nc3 Nxc3 29. Bxc3 Be7 30. Nf3 Rc4 31. Nd4 Bd8 32. Ne2 Re4 33. Qf2 Bb6 34. d4 Qc4 35. Ng3 Qxc3 36. Nxe4 Bxe4 37. Rd1 Qxa3 38. Qe1 Qb2 39. Rd2 Qxb4 40. Qc1 Qc4 41. Qa1 b4 42. Rd1 b3 43. Rc1 Qe2 44. Rg1 b2 45. Qa4 Qxg2+ 0-1

[Event "MNT CupT"]
[Site "Cetinje"]
[Date "2023.07.10"]
[Round "2.3"]
[White "Ljeskovic, Luka"]
[Black "Draskovic, Luka"]
[Result "0-1"]
[WhiteElo "1827"]
[BlackElo "2497"]
[PlyCount "36"]
[EventDate "2023.07.09"]
[EventType "team-swiss"]
[EventRounds "5"]
[EventCountry "MNE"]
[SourceTitle "CBM 215 Extra"]
[Source "ChessBase"]
[SourceDate "2023.09.30"]
[SourceVersion "1"]
[SourceVersionDate "2023.09.30"]
[SourceQuality "1"]
[WhiteTeam "Dama"]
[BlackTeam "Elektroprivreda"]
[WhiteTeamCountry "MNE"]
[BlackTeamCountry "MNE"]

1. e4 c5 2. Nc3 Nc6 3. g3 g6 4. Bg2 Bg7 5. Nge2 e6 6. 0-0 Nge7 7. d3 0-0 8. Re1 d6 9. Be3 e5 10. Qd2 Nd4 11. Nd1 Bg4 12. Nxd4 cxd4 13. Bh6 Bxh6 14. Qxh6 Qa5 15. Ne3 dxe3 16. Qg5 exf2+ 17. Kxf2 Qb6+ 18. Re3 f5 0-1

[Event "MNT-chT 1st League"]
[Site "Podgorica"]
[Date "2021.05.22"]
[Round "5.4"]
[White "Ljeskovic, Luka"]
[Black "Dedeic, Huso"]
[Result "1-0"]
[WhiteElo "1785"]
[BlackElo "1980"]
[PlyCount "89"]
[EventDate "2021.05.20"]
[EventType "team-tourn"]
[EventRounds "7"]
[EventCountry "MNE"]
[SourceTitle "EXT 2022"]
[Source "ChessBase"]
[SourceDate "2021.10.06"]
[SourceVersion "1"]
[SourceVersionDate "2021.10.06"]
[SourceQuality "1"]

1. e4 g6 2. d4 Bg7 3. Nf3 d6 4. Nc3 Nf6 5. h3 0-0 6. Be3 Nc6 7. Qd2 e5 8. 0-0-0 Qe8 9. d5 Ne7 10. g4 Nxe4 11. Nxe4 f5 12. gxf5 gxf5 13. Nxd6 cxd6 14. Bh6 f4 15. Rg1 Ng6 16. Bxg7 Kxg7 17. h4 Kh8 18. Bd3 Bf5 19. Bxf5 Rxf5 20. Qb4 Qd7 21. Rg4 Rff8 22. Rdg1 Rg8 23. Qe4 Ne7 24. Nxe5 Rxg4 25. Rxg4 Qe8 26. Qxf4 Nf5 27. Qxf5 Qxe5 28. Qxe5+ dxe5 29. Kd2 b5 30. b3 a5 31. c4 a4 32. Kc3 bxc4 33. bxc4 Rf8 34. Rg2 Rf4 35. Kb4 Rxh4 36. Kb5 Rf4 37. Rg5 e4 38. c5 h6 39. Re5 Kg7 40. c6 Kf6 41. Re6+ Kf7 42. Kc5 Rxf2 43. c7 Rc2+ 44. Kb6 Rb2+ 45. Ka7 1-0

[Event "MNT Team Cup"]
[Site "Herceg Novi"]
[Date "2020.06.26"]
[Round "2.3"]
[White "Ljeskovic, Luka"]
[Black "Ljesar, Dragan"]
[Result "1/2-1/2"]
[WhiteElo "1774"]
[BlackElo "2068"]
[PlyCount "21"]
[EventDate "2020.06.25"]
[EventType "team-swiss"]
[EventRounds "5"]
[EventCountry "MNE"]
[SourceTitle "EXT 2021"]
[Source "ChessBase"]
[SourceDate "2020.10.23"]
[SourceVersion "1"]
[SourceVersionDate "2020.10.23"]
[SourceQuality "1"]
[WhiteTeam "Dama"]
[BlackTeam "Cetinje"]
[WhiteTeamCountry "MNE"]
[BlackTeamCountry "MNE"]

1. Nc3 d5 2. e4 Nf6 3. exd5 Nxd5 4. Nxd5 Qxd5 5. Qf3 e6 6. Qxd5 exd5 7. d4 Bf5 8. c3 Bd6 9. Be3 0-0 10. Kd2 Nd7 11. Bd3 1/2-1/2

[Event "MNT-chT 1st League"]
[Site "Podgorica"]
[Date "2019.07.25"]
[Round "6.7"]
[White "Koljevic, Nikolina"]
[Black "Ljeskovic, Luka"]
[Result "1-0"]
[WhiteElo "1960"]
[BlackElo "1703"]
[PlyCount "47"]
[EventDate "2019.07.20"]
[EventType "team-tourn"]
[EventRounds "9"]
[EventCountry "MNE"]
[SourceTitle "EXT 2020"]
[Source "ChessBase"]
[SourceDate "2019.10.17"]
[SourceVersion "1"]
[SourceVersionDate "2019.10.17"]
[SourceQuality "1"]
[WhiteTeam "Rokada"]
[BlackTeam "Niksic"]
[WhiteTeamCountry "MNE"]
[BlackTeamCountry "MNE"]

1. e4 c6 2. d4 d5 3. e5 Bf5 4. h4 h5 5. c4 e6 6. Nc3 Ne7 7. Nf3 dxc4 8. Bxc4 Nd7 9. Bb3 Nd5 10. Nxd5 cxd5 11. 0-0 Be7 12. g3 f6 13. Bc2 Bxc2 14. Qxc2 Kf7 15. Re1 Qb6 16. Qa4 Qc6 17. Qb3 Nb6 18. Bf4 Rac8 19. Rac1 Qa4 20. exf6 Qxb3 21. Ne5+ Kxf6 22. axb3 Bb4 23. Bg5+ Kf5 24. f3 1-0

[Event "MNT-ch 71st"]
[Site "Podgorica"]
[Date "2019.05.24"]
[Round "7"]
[White "Ljeskovic, Luka"]
[Black "Rakic, Tijana"]
[Result "0-1"]
[WhiteElo "1710"]
[BlackElo "1579"]
[PlyCount "66"]
[EventDate "2019.05.18"]
[EventType "swiss"]
[EventRounds "9"]
[EventCountry "MNE"]
[SourceTitle "CBM 190 Extra"]
[Source "ChessBase"]
[SourceDate "2019.07.15"]
[SourceVersion "1"]
[SourceVersionDate "2019.07.15"]
[SourceQuality "1"]

1. g3 c5 2. Bg2 Nc6 3. Nc3 g6 4. f4 Bg7 5. e4 d6 6. h3 e6 7. Nge2 Nge7 8. d3 a6 9. a4 Nd4 10. Nxd4 cxd4 11. Ne2 h5 12. 0-0 Bd7 13. b3 Qc7 14. Bb2 Nc6 15. Qd2 0-0 16. g4 hxg4 17. hxg4 Ne7 18. Bxd4 e5 19. Bb2 Bxg4 20. Rac1 Bh6 21. Qe3 Bxe2 22. Qxe2 Bxf4 23. Rxf4 exf4 24. Qf3 Qc5+ 25. Kf1 Qe3 26. Qg4 Qg3 27. Qd7 f3 28. Bh1 Nc6 29. Qxb7 Ne5 30. Bxe5 dxe5 31. Qb4 Kg7 32. Qe1 Qf4 33. Qf2 Qxc1+ 0-1

[Event "MNT-ch 71st"]
[Site "Podgorica"]
[Date "2019.05.22"]
[Round "5"]
[White "Ljeskovic, Luka"]
[Black "Miletic, Vuk"]
[Result "0-1"]
[WhiteElo "1710"]
[BlackElo "1954"]
[PlyCount "78"]
[EventDate "2019.05.18"]
[EventType "swiss"]
[EventRounds "9"]
[EventCountry "MNE"]
[SourceTitle "CBM 190 Extra"]
[Source "ChessBase"]
[SourceDate "2019.07.15"]
[SourceVersion "1"]
[SourceVersionDate "2019.07.15"]
[SourceQuality "1"]

1. e4 c5 2. Nf3 d6 3. d4 cxd4 4. Nxd4 Nc6 5. Be3 Nf6 6. Nc3 g6 7. f3 Bg7 8. Qd2 0-0 9. h4 h5 10. 0-0-0 Bd7 11. Be2 Rc8 12. Rdg1 Ne5 13. Bh6 Qb6 14. Bxg7 Kxg7 15. Nd5 Nxd5 16. exd5 Qc5 17. g4 hxg4 18. h5 Rh8 19. h6+ Kh7 20. f4 Nc4 21. Qc3 Nb6 22. Ne6 Qxc3 23. Ng5+ Kg8 24. bxc3 f6 25. Ne6 Bxe6 26. dxe6 f5 27. Bb5 Kh7 28. Kd2 Rc5 29. Rb1 Nd5 30. Bd7 b6 31. Rb3 Rb8 32. Ra3 a5 33. Rb3 Nxf4 34. Ke3 Nh5 35. Rhb1 Kxh6 36. Rxb6 Rxb6 37. Rxb6 Rxc3+ 38. Kd4 Rxc2 39. Rb7 g3 0-1

[Event "MNT-ch 71st"]
[Site "Podgorica"]
[Date "2019.05.21"]
[Round "4"]
[White "Nikac, Predrag"]
[Black "Ljeskovic, Luka"]
[Result "1-0"]
[WhiteElo "2319"]
[BlackElo "1710"]
[PlyCount "47"]
[EventDate "2019.05.18"]
[EventType "swiss"]
[EventRounds "9"]
[EventCountry "MNE"]
[SourceTitle "CBM 190 Extra"]
[Source "ChessBase"]
[SourceDate "2019.07.15"]
[SourceVersion "1"]
[SourceVersionDate "2019.07.15"]
[SourceQuality "1"]

1. g3 d5 2. f4 g6 3. Bg2 Bg7 4. Nf3 c5 5. d3 Nc6 6. 0-0 Bg4 7. Nc3 h5 8. Nh4 Nf6 9. h3 Be6 10. e4 dxe4 11. dxe4 Qd4+ 12. Rf2 Qxd1+ 13. Nxd1 0-0-0 14. Be3 b6 15. Nc3 Na5 16. Re1 Bc4 17. f5 gxf5 18. Nxf5 Bf8 19. Bf4 Rg8 20. Ne3 Ba6 21. b3 Bb7 22. Ned5 Ne8 23. Nb5 Nc6 24. Nxa7+ 1-0

[Event "MNT-ch U18 25th"]
[Site "Podgorica"]
[Date "2019.05.05"]
[Round "7"]
[White "Ljeskovic, Luka"]
[Black "Draskovic, Aleksandar"]
[Result "1-0"]
[WhiteElo "1710"]
[BlackElo "1660"]
[PlyCount "65"]
[EventDate "2019.05.01"]
[EventType "tourn"]
[EventRounds "7"]
[EventCountry "MNE"]
[SourceTitle "EXT 2020"]
[Source "ChessBase"]
[SourceDate "2019.10.17"]
[SourceVersion "1"]
[SourceVersionDate "2019.10.17"]
[SourceQuality "1"]

1. e4 c5 2. Nc3 Nc6 3. f4 d6 4. Nf3 g6 5. d3 Bg7 6. h3 h5 7. Be2 Be6 8. Be3 Nf6 9. 0-0 b6 10. Ng5 Qc8 11. Bf3 Rb8 12. Ne2 0-0 13. c3 Nh7 14. Nxe6 fxe6 15. Qe1 Qe8 16. Qg3 Rd8 17. d4 cxd4 18. Nxd4 Nxd4 19. Bxd4 Bxd4+ 20. cxd4 Kh8 21. e5 d5 22. Rac1 Rg8 23. h4 Nf8 24. Rc7 Rd7 25. Rc6 Rb7 26. Rfc1 Qd7 27. Rc8 Kh7 28. Qg5 Qa4 29. R1c4 dxc4 30. Bxb7 Qd1+ 31. Kh2 Qg4 32. Qxg4 hxg4 33. Kg3 1-0

[Event "MNT-chT 1st League"]
[Site "Podgorica"]
[Date "2018.09.28"]
[Round "4.5"]
[White "Ljeskovic, Luka"]
[Black "Ljesar, Dragan"]
[Result "0-1"]
[WhiteElo "1754"]
[BlackElo "2074"]
[PlyCount "64"]
[EventDate "2018.09.07"]
[EventType "team-tourn"]
[EventRounds "9"]
[EventCountry "MNE"]
[SourceTitle "CBM 187 Extra"]
[Source "ChessBase"]
[SourceDate "2018.11.04"]
[SourceVersion "1"]
[SourceVersionDate "2018.11.04"]
[SourceQuality "1"]
[WhiteTeam "Niksic"]
[BlackTeam "Cetinje"]
[WhiteTeamCountry "MNE"]
[BlackTeamCountry "MNE"]

1. e4 c5 2. Nf3 Nc6 3. d4 cxd4 4. Nxd4 Nf6 5. Nc3 e5 6. Ndb5 d6 7. Nd5 Nxd5 8. exd5 Nb8 9. c4 Be7 10. Bd3 0-0 11. 0-0 Nd7 12. Be3 b6 13. Qc2 g6 14. Bh6 Re8 15. f4 f5 16. fxe5 Nxe5 17. Rae1 Bd7 18. Nd4 Bg5 19. Bxg5 Qxg5 20. Qc3 Qh4 21. Nf3 Nxf3+ 22. gxf3 Qg5+ 23. Kf2 Qf4 24. Kg2 Qg5+ 25. Kf2 f4 26. Rxe8+ Rxe8 27. Be4 Qh4+ 28. Kg1 Re5 29. Rf2 Bh3 30. Qd2 a5 31. b3 Qf6 32. Kh1 Rxe4 0-1

[Event "MNT-chT 1st League"]
[Site "Podgorica"]
[Date "2018.09.09"]
[Round "3.2"]
[White "Kalac, Hajran"]
[Black "Ljeskovic, Luka"]
[Result "0-1"]
[WhiteElo "1744"]
[BlackElo "1754"]
[PlyCount "68"]
[EventDate "2018.09.07"]
[EventType "team-tourn"]
[EventRounds "9"]
[EventCountry "MNE"]
[SourceTitle "CBM 187 Extra"]
[Source "ChessBase"]
[SourceDate "2018.11.04"]
[SourceVersion "1"]
[SourceVersionDate "2018.11.04"]
[SourceQuality "1"]
[WhiteTeam "Ibar"]
[BlackTeam "Niksic"]
[WhiteTeamCountry "MNE"]
[BlackTeamCountry "MNE"]

1. e4 c6 2. Nf3 d5 3. exd5 cxd5 4. c3 Nf6 5. d4 Nc6 6. Bd3 Bg4 7. h3 Bh5 8. 0-0 e6 9. Bf4 Bd6 10. Bxd6 Qxd6 11. Nbd2 Qf4 12. Be2 Bg6 13. Qb3 0-0-0 14. g3 Qh6 15. Kg2 Ne4 16. Qd1 f5 17. Nh2 Qxd2 18. Qxd2 Nxd2 19. Rfd1 Ne4 20. f3 Nd6 21. Re1 Bf7 22. Bd3 h5 23. f4 Ne4 24. h4 Kb8 25. Nf3 Rhe8 26. Re2 Re7 27. Bb5 Be8 28. Bxc6 bxc6 29. Ne5 Rc8 30. Nd3 c5 31. dxc5 Bb5 32. Re3 Bxd3 33. Rxd3 Rxc5 34. Rd4 Rb7 0-1

[Event "EU-ch Amateur U2000"]
[Site "Niksic"]
[Date "2018.06.20"]
[Round "8"]
[White "Ljeskovic, Luka"]
[Black "Lindgren, Anna"]
[Result "1-0"]
[WhiteElo "1711"]
[BlackElo "1488"]
[PlyCount "61"]
[EventDate "2018.06.14"]
[EventType "swiss"]
[EventRounds "9"]
[EventCountry "MNE"]
[SourceTitle "EXT 2019"]
[Source "ChessBase"]
[SourceDate "2018.10.10"]
[SourceVersion "1"]
[SourceVersionDate "2018.10.10"]
[SourceQuality "1"]

1. e4 Nf6 2. e5 Nd5 3. d4 d6 4. c4 Nb6 5. f4 dxe5 6. fxe5 Bf5 7. Nf3 e6 8. Nc3 Be7 9. Be3 0-0 10. Bd3 N8d7 11. Qc2 Nxc4 12. Bxf5 exf5 13. Bf2 Ndb6 14. 0-0 f4 15. b3 Ne3 16. Bxe3 fxe3 17. Qe4 c5 18. d5 Rc8 19. d6 Bg5 20. Nxg5 Qxg5 21. Rae1 c4 22. b4 Nd7 23. Rxe3 f5 24. Qd5+ Kh8 25. Rg3 Qh5 26. e6 Nf6 27. Qxb7 g6 28. e7 Rg8 29. d7 Rb8 30. Qxb8 Rxb8 31. d8Q+ 1-0

[Event "MNT-chT"]
[Site "Montenegro"]
[Date "2017.10.01"]
[Round "9.1"]
[White "Ljeskovic, Luka"]
[Black "Dabetic, Radojica"]
[Result "1/2-1/2"]
[WhiteElo "1713"]
[BlackElo "2279"]
[PlyCount "40"]
[EventDate "2017.09.23"]
[EventType "team"]
[EventRounds "9"]
[EventCountry "MNE"]
[SourceTitle "EXT 2019"]
[Source "ChessBase"]
[SourceDate "2018.10.10"]
[SourceVersion "1"]
[SourceVersionDate "2018.10.10"]
[SourceQuality "1"]
[WhiteTeam "Niksic"]
[BlackTeam "Buducnost"]
[WhiteTeamCountry "MNE"]
[BlackTeamCountry "MNE"]

1. e4 c5 2. Nf3 d6 3. d4 cxd4 4. Nxd4 Nf6 5. Nc3 a6 6. Be2 e6 7. Bg5 Be7 8. 0-0 0-0 9. Kh1 Qc7 10. f4 h6 11. Bh4 Nxe4 12. Bxe7 Nxc3 13. Bxd6 Qxd6 14. bxc3 Qc7 15. Qe1 Nc6 16. Bd3 Bd7 17. Qe4 g6 18. Rf3 e5 19. Rg3 f5 20. Qd5+ Kg7 1/2-1/2

[Event "MNT-chT"]
[Site "Montenegro"]
[Date "2017.09.26"]
[Round "4.1"]
[White "Balic, Adnan"]
[Black "Ljeskovic, Luka"]
[Result "1-0"]
[WhiteElo "2088"]
[BlackElo "1713"]
[PlyCount "87"]
[EventDate "2017.09.23"]
[EventType "team"]
[EventRounds "9"]
[EventCountry "MNE"]
[SourceTitle "EXT 2019"]
[Source "ChessBase"]
[SourceDate "2018.10.10"]
[SourceVersion "1"]
[SourceVersionDate "2018.10.10"]
[SourceQuality "1"]
[WhiteTeam "Rokada"]
[BlackTeam "Niksic"]
[WhiteTeamCountry "MNE"]
[BlackTeamCountry "MNE"]

1. c4 c6 2. d4 d5 3. Nc3 Nf6 4. Bg5 dxc4 5. e3 b5 6. a4 Nd5 7. axb5 Nxc3 8. bxc3 Qd5 9. b6 a6 10. Bf4 Bb7 11. Ra4 Nd7 12. Bc7 e6 13. Nf3 Be7 14. Bxc4 Qh5 15. Qd3 Qg6 16. 0-0 Bd8 17. Qxg6 hxg6 18. Bxd8 Kxd8 19. Rb1 Ke7 20. Bd3 Rhc8 21. Nd2 c5 22. Nc4 cxd4 23. cxd4 Rab8 24. Na5 Rc3 25. Nxb7 Rxb7 26. Bf1 Rxb6 27. Rxb6 Nxb6 28. Rxa6 Nd5 29. g3 Rc1 30. Ra7+ Kf8 31. Ra8+ Ke7 32. Ra7+ Kf8 33. Ra2 g5 34. h3 Ke7 35. Kg2 Rc7 36. Be2 f5 37. Bf3 Nf6 38. Kf1 Nd7 39. Ra6 Nf6 40. Rb6 Ra7 41. Be2 Nd5 42. Rb2 Rc7 43. Bd3 Rc3 44. Ke2 1-0

[Event "MNT-chT"]
[Site "Montenegro"]
[Date "2017.09.25"]
[Round "3.6"]
[White "Ljeskovic, Luka"]
[Black "Pobor, Danilo"]
[Result "0-1"]
[WhiteElo "1713"]
[BlackElo "1947"]
[PlyCount "72"]
[EventDate "2017.09.23"]
[EventType "team"]
[EventRounds "9"]
[EventCountry "MNE"]
[SourceTitle "CBM 180 Extra"]
[Source "ChessBase"]
[SourceDate "2017.10.06"]
[SourceVersion "1"]
[SourceVersionDate "2017.10.06"]
[SourceQuality "1"]
[WhiteTeam "Niksic"]
[BlackTeam "Crnogorac"]
[WhiteTeamCountry "MNE"]
[BlackTeamCountry "MNE"]

1. e4 c5 2. Nf3 Nc6 3. d4 cxd4 4. Nxd4 Nf6 5. Nc3 d6 6. Be2 e5 7. Nb3 Be7 8. Be3 0-0 9. 0-0 a5 10. a4 Nb4 11. f4 Be6 12. f5 Bxb3 13. cxb3 d5 14. exd5 Nfxd5 15. Bf2 Nf4 16. Bf3 Nfd3 17. Be3 Qc8 18. Qe2 Bc5 19. Ne4 Nf4 20. Qf2 Bxe3 21. Qxe3 Nc2 22. Qf2 Nxa1 23. Rxa1 Qxf5 24. Nd6 Qg6 25. Qc5 Nd3 26. Qc7 Qh6 27. Nf5 Qf4 28. Ne7+ Kh8 29. h3 Qd4+ 30. Kh2 e4 31. Be2 Qxb2 32. Bxd3 exd3 33. Rf1 d2 34. Nf5 Rac8 35. Qg3 Rc1 36. Rf2 d1Q 0-1